A carregar...

കാള്‍ മാര്‍ക്സിന്റെ കവിത /

Detalhes bibliográficos
Autor principal: മാര്‍ക്സ്, കാള്‍
Outros Autores: Marx, Karl, Kurup, O. N. V.
Formato: Printed Book
Idioma:English
Publicado em: തിരുവനന്തപുരം : ചിന്ത പബ്ലിഷേഴ്സ്, 2013.
Edição:2nd ed.
Assuntos:
LEADER 00859nam a22002057a 4500
008 140528b xxu||||| |||| 00| 0 eng d
999 |c 6818  |d 6818 
020 |a 9789383155194 
082 |a 821  |b  MAR/KUR 
100 |a മാര്‍ക്സ്, കാള്‍ 
240 |a Karl marxinte kavitha 
245 |a കാള്‍ മാര്‍ക്സിന്റെ കവിത /  |c ഒ. എന്‍. വി. കുറുപ്പ് 
250 |a 2nd ed. 
260 |a തിരുവനന്തപുരം :  |b ചിന്ത പബ്ലിഷേഴ്സ്,  |c 2013. 
300 |a 80p. 
650 |a Poems 
700 |a Marx, Karl 
700 |a Kurup, O. N. V. 
942 |2 ddc  |c BK 
952 |0 0  |1 0  |2 ddc  |4 0  |6 821_000000000000000_MARKUR  |7 0  |9 9745  |a MAIN  |b MAIN  |d 2014-05-28  |e Deshabhimani Book House  |g 65.00  |l 3  |o 821 MAR/KUR  |p 9873  |r 2017-05-05  |s 2016-08-03  |t 1  |w 2014-05-28  |y BK